| Tag |
First Indicator |
Second Indicator |
Subfields |
| LEADER |
00000cam a22000001i 4500 |
| 001 |
in00003610121 |
| 006 |
m |o d | |
| 007 |
cr |n||||||||| |
| 008 |
160328t20162016nyua ob 001 0 eng d |
| 005 |
20250816203952.5 |
| 020 |
|
|
|a 9781317425786 (electronic bk.)
|
| 020 |
|
|
|a 1317425782 (electronic bk.)
|
| 020 |
|
|
|z 9781138915862
|
| 020 |
|
|
|z 1138915866
|
| 020 |
|
|
|z 9781315689999
|
| 020 |
|
|
|z 1315689995
|
| 024 |
8 |
|
|a 99970605723
|
| 035 |
|
|
|a (NhCcYBP)ebr11140577
|
| 040 |
|
|
|a NhCcYBP
|c NhCcYBP
|d UtOrBLW
|
| 043 |
|
|
|a n------
|a s------
|
| 050 |
|
4 |
|a PN3435
|b .T77 2016
|
| 082 |
0 |
4 |
|a 809.3/876
|2 23
|
| 245 |
0 |
0 |
|a Tropical gothic in literature and culture :
|b the Americas /
|c edited by Justin D. Edwards and Sandra Guardini Vasconcelos.
|
| 264 |
|
1 |
|a New York ;
|a London :
|b Routledge, Taylor & Francis Group,
|c 2016.
|
| 264 |
|
4 |
|c ©2016
|
| 300 |
|
|
|a 1 online resource.
|
| 336 |
|
|
|a text
|b txt
|2 rdacontent
|
| 337 |
|
|
|a computer
|b c
|2 rdamedia
|
| 338 |
|
|
|a online resource
|b cr
|2 rdacarrier
|
| 490 |
1 |
|
|a Routledge interdisciplinary perspectives on literature ;
|v 60
|
| 504 |
|
|
|a Includes bibliographical references and index.
|
| 588 |
|
|
|a Description based on print version record.
|
| 500 |
|
|
|a Electronic resource.
|
| 650 |
|
0 |
|a Gothic revival (Literature)
|x History and criticism.
|
| 650 |
|
0 |
|a Gothic revival (Literature)
|z America.
|
| 651 |
|
0 |
|a America
|x In literature.
|0 http://id.loc.gov/authorities/subjects/sh2008114181
|
| 651 |
|
0 |
|a Tropics
|x In literature.
|
| 655 |
|
7 |
|a Electronic books.
|2 local
|
| 700 |
1 |
|
|a Edwards, Justin D.,
|d 1970-
|e editor.
|0 http://id.loc.gov/authorities/names/n98046173
|
| 700 |
1 |
|
|a Vasconcelos, Sandra Guardini T.,
|e editor.
|0 http://id.loc.gov/authorities/names/n97910496
|
| 710 |
2 |
|
|a ebrary, Inc.
|0 http://id.loc.gov/authorities/names/no2007088509
|
| 776 |
1 |
8 |
|c Original
|z 9781138915862
|z 1138915866
|z 9781315689999
|z 1315689995
|w (DLC) 2015035804
|
| 830 |
|
0 |
|a Routledge interdisciplinary perspectives on literature ;
|v 60.
|0 http://id.loc.gov/authorities/names/no2011177030
|
| 856 |
4 |
1 |
|u https://ebookcentral.proquest.com/lib/tamucs/detail.action?docID=4335120
|y Connect to the full text of this electronic book
|t 0
|
| 955 |
|
|
|a YBP purchased DDA e-records
|
| 980 |
|
|
|b 175.00
|g 1
|
| 987 |
|
|
|a ybp12810590
|
| 999 |
f |
f |
|s f3d12256-6bc7-3e4f-af9a-a2a3e5846230
|i 23e4e649-650e-3372-975f-d6429cccb244
|t 0
|
| 952 |
f |
f |
|a Texas A&M University
|b College Station
|c Electronic Resources
|d Available Online
|t 0
|e PN3435 .T77 2016
|h Library of Congress classification
|
| 998 |
f |
f |
|a PN3435 .T77 2016
|t 0
|l Available Online
|